000 01319 a2200409 4500
999 _c71316
_d6379
001 71316
003 TR-AnTOB
005 20240711074011.0
008 080723s1976 tu 00100 tur
035 _a71316
040 _aTR-AnTOB
_cTR-AnTOB
041 _atur
050 _aD371
_b.K87 1976
090 _aD371 .K87 1976
100 1 _aKurdakul, Necdet,
_d1916-
_945614
245 0 _aOsmanlı İmparatorluğu'ndan Orta Doğu' ya :
_bbelgelerle Şark meselesi /
_cNecdet Kurdakul.
264 1 _aİstanbul:
_bDergah Yayınları,
_c1976.
300 _a347 s.;
_c20 cm.
336 _2rdacontent
_atext
_btxt
337 _2rdamedia
_aunmediated
_bn
338 _2rdacarrier
_avolume
_bnc
490 0 _aDergah Yayınları ;
_v27
_aTarih dizisi ;
_v2
500 _aDizin: s. 336-347 var.
504 _aKaynakça: s. 333-335.
590 _aSn. Celil Güngör tarafından bağışlanmıştır.
650 0 _aEastern question
_931092
650 7 _aDoğu sorunu
_2etuturkob
_97671
651 7 _aTürkiye
_xTarih
_y20. yüzyıl
_2etuturkob
_918908
651 0 _aTurkey
_xHistory
_y20th century
_918820
651 0 _aTurkey
_xForeign relations
_977486
651 0 _aTürkiye
_xDış ilişkiler
_9120441
902 _a0024537
903 _aMerkez Kütüphane
942 _cBK
_2lcc
945 _aAY,KNTRL 06.08.08.